Θεωρία και προβλήματα πανεπιστημιακής χημείας

Αποθηκεύτηκε σε:
Λεπτομέρειες βιβλιογραφικής εγγραφής
Κύριος συγγραφέας: Rosenberg, Jerome Laib 1921-
Άλλοι συγγραφείς: Epstein, Lawrence M., Τσιλογιάννης, Δημήτρης (Επιμελητής έκδοσης)
Μορφή: Βιβλίο
Γλώσσα:Greek
English
Δημοσίευση: Αθήνα : Κλειδάριθμος, 2004.
Έκδοση:8η Αμερικάνικη έκδ.
Σειρά:Schaum's outline series
Θέματα:
Ετικέτες: Προσθήκη ετικέτας
Δεν υπάρχουν, Καταχωρήστε ετικέτα πρώτοι!

MARC

LEADER 00000cam a2200000 i 4500
001 1/21942
008 060117s2004 gr |||||||||| ||gre||
020 |a 9602098074  |q (χαρτόδετο) 
035 |l 10082012 
040 |a GR-MY-UA  |b gre  |e aacr 
041 0 |a gre  |h eng 
082 0 |a 540.76  |2 (22) 
100 1 |a Rosenberg, Jerome Laib  |d 1921- 
245 1 0 |a Θεωρία και προβλήματα πανεπιστημιακής χημείας /   |c Jerome L. Rosenberg, Lawrence M. Epstein ; επιμέλεια Δημήτρης Τσιλογιάννης. 
246 3 3 |a Πανεπιστημιακή χημεία 
246 3 3 |a Schaum's πανεπιστημιακή χημεία 
250 |a 8η Αμερικάνικη έκδ. 
260 |a Αθήνα :   |b Κλειδάριθμος,   |c 2004. 
300 |a 396 σ. :   |b εικ., πιν. ;   |c 28 εκ. 
490 1 |a Schaum's 
504 |a Περιέχει ευρετήριο 
650 0 0 |a Chemistry  |x Problems, exercises, etc. 
650 0 0 |a Chemistry  |x Outlines, syllabi, etc. 
700 1 |a Epstein, Lawrence M. 
700 1 |a Τσιλογιάννης, Δημήτρης,  |e edt 
830 0 |a Schaum's outline series 
852 |a INST  |b LEMNOS  |e 20190620  |h 540.76 ROS  |p 005600002259  |q 005600002259  |t BK  |y 0 
852 |a INST  |b LEMNOS  |e 20190620  |h 540.76 ROS  |p 005600002260  |q 005600002260  |t BK  |y 0 
852 |a INST  |b LEMNOS  |e 20190619  |h 540.76 ROS  |p 005600002277  |q 005600002277  |t BK  |y 0 
852 |a INST  |b LESVOS  |e 20060117  |h 540.76 ROS  |p 005100033946  |q 005100033946  |t BK  |y 0 
852 |a INST  |b LESVOS  |e 20060117  |h 540.76 ROS  |p 005100033947  |q 005100033947  |t BK  |y 0 
852 |a INST  |b LESVOS  |e 20100611  |h 540.76 ROS  |p 005100047820  |q 005100047820  |t BK  |y 0 
852 |a INST  |b LESVOS  |e 20100611  |h 540.76 ROS  |p 005100047821  |q 005100047821  |t BK  |y 0 
852 |a INST  |b LESVOS  |e 20110708  |h 540.76 ROS  |p 005100050191  |q 005100050191  |t BK  |y 0 
901 |a BIBL1-2006-1 
901 |a BIBL1-2011-2 
920 |a Παράρτημα Βιβλιοθήκης Λέσβου  |y Λήμνος-ΤΕΤΔ  |z 2016-12 
920 |a Παράρτημα Βιβλιοθήκης Λέσβου  |y Λήμνος-ΤΕΤΔ  |z 2018-02 
920 |a Παράρτημα Βιβλιοθήκης Λέσβου  |y Λήμνος-ΤΕΤΔ  |z 2018-02 
970 |a ΚΑΡΑ  |b ΓΙΑΣΕΜΗ  |z 2006/01/17